<?xml version="1.0" encoding="UTF-8"?>
<record
    xmlns:xsi="http://www.w3.org/2001/XMLSchema-instance"
    xsi:schemaLocation="http://www.loc.gov/MARC21/slim http://www.loc.gov/standards/marcxml/schema/MARC21slim.xsd"
    xmlns="http://www.loc.gov/MARC21/slim">

  <leader>05342nam a2200553uu 4500</leader>
  <controlfield tag="001">1503115</controlfield>
  <controlfield tag="005">20260508093118.0</controlfield>
  <controlfield tag="008">180823s2018                        mul  </controlfield>
  <datafield tag="020" ind1=" " ind2=" ">
    <subfield code="a">9789585413689</subfield>
  </datafield>
  <datafield tag="035" ind1=" " ind2=" ">
    <subfield code="a">1503115</subfield>
  </datafield>
  <datafield tag="040" ind1=" " ind2=" ">
    <subfield code="c">comduadb</subfield>
  </datafield>
  <datafield tag="041" ind1=" " ind2=" ">
    <subfield code="a">POR</subfield>
    <subfield code="a">mul</subfield>
  </datafield>
  <datafield tag="080" ind1=" " ind2=" ">
    <subfield code="a">V/GI</subfield>
  </datafield>
  <datafield tag="080" ind1=" " ind2=" ">
    <subfield code="a">G</subfield>
  </datafield>
  <datafield tag="082" ind1=" " ind2="4">
    <subfield code="a">300</subfield>
  </datafield>
  <datafield tag="100" ind1="1" ind2="0">
    <subfield code="a">Eschenhagen, Mar&#xED;a Luisa</subfield>
    <subfield code="4">aut</subfield>
    <subfield code="e">aut</subfield>
    <subfield code="9">498911</subfield>
  </datafield>
  <datafield tag="245" ind1="1" ind2="0">
    <subfield code="a">Construcci&#xF3;n de problemas de investigaci&#xF3;n : di&#xE1;logos entre el interior y el exterior</subfield>
  </datafield>
  <datafield tag="260" ind1=" " ind2=" ">
    <subfield code="a">Medell&#xED;n :</subfield>
    <subfield code="b">Fondo Editorial FCSH, Facultad de Ciencias Sociales y Humanas de la Universidad de Antioquia ;</subfield>
    <subfield code="b">Editorial Universidad Pontificia Bolivariana,</subfield>
    <subfield code="c">2018.</subfield>
  </datafield>
  <datafield tag="300" ind1=" " ind2=" ">
    <subfield code="a">374 p&#xE1;ginas :</subfield>
    <subfield code="b">tablas, gr&#xE1;ficos y mapas</subfield>
  </datafield>
  <datafield tag="490" ind1="0" ind2=" ">
    <subfield code="a">FCSH Investigaci&#xF3;n</subfield>
  </datafield>
  <datafield tag="501" ind1=" " ind2=" ">
    <subfield code="a">CONTIENE: &#xCD;ndice anal&#xED;tico.</subfield>
  </datafield>
  <datafield tag="505" ind1=" " ind2=" ">
    <subfield code="a">CONTIENE: El m&#xE9;todo cient&#xED;fico : l&#xF3;gica de la invenci&#xF3;n, l&#xF3;gica de la justificaci&#xF3;n y arte de la investigaci&#xF3;n / Germ&#xE1;n Guerrero Pino.-- Pensar y formular problemas en ciencia y filosof&#xED;a / Carlos Eduardo Maldonado.-- &#xBF;Por qu&#xE9;, para qu&#xE9; y c&#xF3;mo problematizar para investigar? / Mar&#xED;a Luisa Eschenhagen, Denisse Roca - Servat, Marcela Vergara, Jos&#xE9; Roberto &#xC1;lvarez.-- Pesquisas de Estado da Arte : fundamentos, caracterpisticas e percursos metodol&#xF3;gicos / Jorge Megid Neto, Luiz Marcelo de Carvalho.-- Um Panorama do Estado da Arte da Pesquisa em Educa&#xE7;&#xE3;o Ambiental no Brasil / Luiz Marcelo de Carvalho, Clarice Sumi Kawasaki.-- Cartograf&#xED;as y diversidad epist&#xE9;mica en la producci&#xF3;n de conocimiento / Vladimir Montoya Arango.-- An&#xE1;lisis de redes y aplicaciones cienciom&#xE9;tricas : desde estados del arte hacia mapas de conocimiento / Gabriel V&#xE9;lez - Cuartas.-- Metaheur&#xED;sticas de investigaci&#xF3;n en complejidad / Carlos Eduardo Maldonado.-- Simulaci&#xF3;n basada en agentes : una Metodolog&#xED;a para el estudio de sistemas complejos / Nelson Alfonso Gomez Cruz.-- La experiencia de M&#xE9;xico a 33 a&#xF1;os del modelo neoliberal de ciencia y tecnolog&#xED;a. Un enfoque cr&#xED;tico contextual / Eligio Cruz.-- Avances en la pol&#xED;tica de ciencia, tecnolog&#xED;a e innovaci&#xF3;n, en el marco de una estrategia para la productividad y el desarrollo en Colombia / Clara In&#xE9;s Pardo Mart&#xED;nez, William H. Alfonso Pi&#xF1;a.-- La ilusi&#xF3;n de la excelencia en la investigaci&#xF3;n acad&#xE9;mica (siete notas pol&#xE9;micas) / William D&#xED;az Villarreal, Universidad Nacional de colombia.</subfield>
  </datafield>
  <datafield tag="520" ind1="3" ind2=" ">
    <subfield code="a">Este libro est&#xE1; dirigido, en primera instancia, a estudiantes que se encuentran en el proceso de formulaci&#xF3;n de sus proyectos de tesis, ya sea de pregrado, maestr&#xED;a o doctorado. No pretende ser un texto m&#xE1;s de metodolog&#xED;as de investigaci&#xF3;n, sino una gu&#xED;a e inspiraci&#xF3;n para la introducci&#xF3;n al mundo de la problematizaci&#xF3;n desde la construcci&#xF3;n del problema y sus aspectos generales. Inspiraci&#xF3;n para entrar en el mundo de la construcci&#xF3;n te&#xF3;rico - metodol&#xF3;gica desde la rigurosidad de las diferentes estrategias para el desarrollo de mapas cognitivos generales, y para introducirnos al mundo de los condicionamientos de la pol&#xED;tica cient&#xED;fica en la orientaci&#xF3;n del problema como programa de investigaci&#xF3;n o desarrollo de productos comunicativos de calidad para el mundo disciplinar. 
El texto presentado no es un di&#xE1;logo cerrado, concluyente, acabado; por el contrario, pretende, desde la experiencia de los autores, mostrar visiones distintas frente a los diferentes di&#xE1;logos posibles de la ciencia con la realidad, de la construcci&#xF3;n de antecedentes y referentes para la construcci&#xF3;n te&#xF3;rica ligada a los investigadores de las respectivas comunidades acad&#xE9;micas, y desde el contexto condicionante de la pol&#xED;tica cient&#xED;fica y su relaci&#xF3;n con los acad&#xE9;micos.</subfield>
  </datafield>
  <datafield tag="650" ind1=" " ind2="7">
    <subfield code="a">Investigaci&#xF3;n cient&#xED;fica</subfield>
    <subfield code="2">lemb</subfield>
    <subfield code="9">4653</subfield>
  </datafield>
  <datafield tag="650" ind1=" " ind2=" ">
    <subfield code="a">An&#xE1;lisis de redes</subfield>
    <subfield code="9">152708</subfield>
  </datafield>
  <datafield tag="650" ind1=" " ind2=" ">
    <subfield code="a">Pol&#xED;tica de investigaci&#xF3;n</subfield>
    <subfield code="9">55957</subfield>
  </datafield>
  <datafield tag="650" ind1=" " ind2=" ">
    <subfield code="a">Pol&#xED;tica de investigacion - Mexico</subfield>
    <subfield code="9">199767</subfield>
  </datafield>
  <datafield tag="650" ind1=" " ind2=" ">
    <subfield code="a">Pol&#xED;tica de investigacion - Colombia</subfield>
    <subfield code="9">40502</subfield>
  </datafield>
  <datafield tag="650" ind1=" " ind2="7">
    <subfield code="a">Investigaci&#xF3;n social</subfield>
    <subfield code="2">lemb</subfield>
    <subfield code="9">2355</subfield>
  </datafield>
  <datafield tag="650" ind1=" " ind2="7">
    <subfield code="a">Investigaci&#xF3;n cient&#xED;fica</subfield>
    <subfield code="x">Metodolog&#xED;a</subfield>
    <subfield code="2">armarc</subfield>
    <subfield code="9">164214</subfield>
  </datafield>
  <datafield tag="700" ind1="1" ind2="0">
    <subfield code="a">V&#xE9;lez Cuartas, Gabriel Jaime</subfield>
    <subfield code="4">aut</subfield>
    <subfield code="0">(orcid)0000-0003-2350-4650</subfield>
    <subfield code="0">(isni) 0000000077656</subfield>
    <subfield code="0">(viaf)108038379</subfield>
    <subfield code="e">aut</subfield>
    <subfield code="9">406381</subfield>
  </datafield>
  <datafield tag="700" ind1="1" ind2="0">
    <subfield code="a">Maldonado, Carlos</subfield>
    <subfield code="4">aut</subfield>
    <subfield code="e">aut</subfield>
    <subfield code="9">342672</subfield>
  </datafield>
  <datafield tag="700" ind1="1" ind2="0">
    <subfield code="a">Guerrero Pino, Germ&#xE1;n</subfield>
    <subfield code="4">aut</subfield>
    <subfield code="0">(isni)0000 0000 6904 5005</subfield>
    <subfield code="0">(viaf)96740005</subfield>
    <subfield code="e">aut</subfield>
    <subfield code="9">563758</subfield>
  </datafield>
  <datafield tag="700" ind1="1" ind2="0">
    <subfield code="a">Alfonso P., William H.</subfield>
    <subfield code="4">aut</subfield>
    <subfield code="e">aut</subfield>
    <subfield code="9">362102</subfield>
  </datafield>
  <datafield tag="700" ind1="1" ind2="0">
    <subfield code="a">&#xC1;lvarez M&#xFA;nera, Jos&#xE9; Roberto</subfield>
    <subfield code="4">aut</subfield>
    <subfield code="e">aut</subfield>
    <subfield code="9">455411</subfield>
  </datafield>
  <datafield tag="700" ind1="1" ind2="0">
    <subfield code="a">Carvalho, Luiz Marcelo</subfield>
    <subfield code="4">aut</subfield>
    <subfield code="e">aut</subfield>
    <subfield code="9">775723</subfield>
  </datafield>
  <datafield tag="700" ind1="1" ind2="0">
    <subfield code="a">Cruz, Eligio</subfield>
    <subfield code="4">aut</subfield>
    <subfield code="e">aut</subfield>
    <subfield code="9">773385</subfield>
  </datafield>
  <datafield tag="700" ind1="1" ind2="0">
    <subfield code="a">Diaz, William</subfield>
    <subfield code="4">aut</subfield>
    <subfield code="e">aut</subfield>
    <subfield code="9">357950</subfield>
  </datafield>
  <datafield tag="700" ind1="1" ind2="0">
    <subfield code="a">G&#xF3;mez Cruz, Nelson Alfonso</subfield>
    <subfield code="4">aut</subfield>
    <subfield code="e">aut</subfield>
    <subfield code="9">624503</subfield>
  </datafield>
  <datafield tag="700" ind1="1" ind2="0">
    <subfield code="a">Megid Neto, Jorge</subfield>
    <subfield code="4">aut</subfield>
    <subfield code="e">aut</subfield>
    <subfield code="9">775760</subfield>
  </datafield>
  <datafield tag="700" ind1="1" ind2="0">
    <subfield code="a">Pardo Mart&#xED;nez, Clara In&#xE9;s</subfield>
    <subfield code="4">aut</subfield>
    <subfield code="e">aut</subfield>
    <subfield code="9">772982</subfield>
  </datafield>
  <datafield tag="700" ind1="1" ind2="0">
    <subfield code="a">Roca Servat, Denisse</subfield>
    <subfield code="4">aut</subfield>
    <subfield code="e">aut</subfield>
    <subfield code="9">776213</subfield>
  </datafield>
  <datafield tag="700" ind1="1" ind2="0">
    <subfield code="a">Kawasaki, Clarice Sumi</subfield>
    <subfield code="4">aut</subfield>
    <subfield code="e">aut</subfield>
    <subfield code="9">772678</subfield>
  </datafield>
  <datafield tag="700" ind1="1" ind2="0">
    <subfield code="a">Vergara Onofre, Marcela</subfield>
    <subfield code="4">aut</subfield>
    <subfield code="e">aut</subfield>
    <subfield code="9">664355</subfield>
  </datafield>
  <datafield tag="700" ind1="1" ind2="0">
    <subfield code="a">Montoya Arango, Vladimir</subfield>
    <subfield code="4">aut</subfield>
    <subfield code="0">(isni)0000 0000 5501 4419</subfield>
    <subfield code="0">(viaf)7895157</subfield>
    <subfield code="e">aut</subfield>
    <subfield code="9">345367</subfield>
  </datafield>
  <datafield tag="856" ind1="4" ind2=" ">
    <subfield code="u">https://udea.overdrive.com/media/7603589</subfield>
  </datafield>
  <datafield tag="856" ind1="4" ind2=" ">
    <subfield code="u">http://libreriasiglo.com/buscar?q=Construcci%C3%B3n%20de%20problemas%20de%20investigaci%C3%B3n%3A%20di%C3%A1logo%20entre%20el%20interior%20y%20el%20exterior</subfield>
  </datafield>
  <datafield tag="942" ind1=" " ind2=" ">
    <subfield code="c">BOOK</subfield>
  </datafield>
  <datafield tag="999" ind1=" " ind2=" ">
    <subfield code="c">787696</subfield>
    <subfield code="d">787696</subfield>
  </datafield>
  <datafield tag="952" ind1=" " ind2=" ">
    <subfield code="0">0</subfield>
    <subfield code="1">0</subfield>
    <subfield code="4">0</subfield>
    <subfield code="7">0</subfield>
    <subfield code="8">GICISH</subfield>
    <subfield code="a">CISH</subfield>
    <subfield code="b">CISH</subfield>
    <subfield code="d">2018-08-23</subfield>
    <subfield code="e">Material adquirido por donaci&#xF3;n</subfield>
    <subfield code="i">C1292672</subfield>
    <subfield code="l">3</subfield>
    <subfield code="o">V/GI-13122</subfield>
    <subfield code="p">15988626</subfield>
    <subfield code="r">2025-04-21 09:48:18</subfield>
    <subfield code="s">2024-09-03</subfield>
    <subfield code="t">1</subfield>
    <subfield code="w">2023-05-04</subfield>
    <subfield code="y">BOOK</subfield>
  </datafield>
  <datafield tag="952" ind1=" " ind2=" ">
    <subfield code="0">0</subfield>
    <subfield code="1">0</subfield>
    <subfield code="4">0</subfield>
    <subfield code="7">0</subfield>
    <subfield code="8">GENERAL</subfield>
    <subfield code="a">INER</subfield>
    <subfield code="b">INER</subfield>
    <subfield code="d">2018-08-31</subfield>
    <subfield code="e">Material adquirido por donaci&#xF3;n</subfield>
    <subfield code="i">C1293603</subfield>
    <subfield code="l">2</subfield>
    <subfield code="o">G/ 4771</subfield>
    <subfield code="p">0643208</subfield>
    <subfield code="r">2025-09-01 09:33:22</subfield>
    <subfield code="s">2025-05-23</subfield>
    <subfield code="t">2</subfield>
    <subfield code="w">2023-05-04</subfield>
    <subfield code="y">BOOK</subfield>
  </datafield>
  <datafield tag="952" ind1=" " ind2=" ">
    <subfield code="0">0</subfield>
    <subfield code="1">0</subfield>
    <subfield code="4">0</subfield>
    <subfield code="7">0</subfield>
    <subfield code="8">GENERAL</subfield>
    <subfield code="a">BNORD</subfield>
    <subfield code="b">BNORD</subfield>
    <subfield code="d">2018-11-29</subfield>
    <subfield code="e">Material adquirido por donaci&#xF3;n</subfield>
    <subfield code="g">30000.00</subfield>
    <subfield code="i">C1301160</subfield>
    <subfield code="l">0</subfield>
    <subfield code="o">300.72 C758</subfield>
    <subfield code="p">01065842</subfield>
    <subfield code="r">2023-05-04 00:00:00</subfield>
    <subfield code="t">3</subfield>
    <subfield code="w">2023-05-04</subfield>
    <subfield code="y">BOOK</subfield>
  </datafield>
  <datafield tag="952" ind1=" " ind2=" ">
    <subfield code="0">0</subfield>
    <subfield code="1">0</subfield>
    <subfield code="4">0</subfield>
    <subfield code="7">0</subfield>
    <subfield code="8">GENERAL</subfield>
    <subfield code="a">BSEGO</subfield>
    <subfield code="b">BSEGO</subfield>
    <subfield code="d">2018-11-29</subfield>
    <subfield code="e">Material adquirido por donaci&#xF3;n</subfield>
    <subfield code="g">30000.00</subfield>
    <subfield code="i">C1301161</subfield>
    <subfield code="l">0</subfield>
    <subfield code="o">300.72 C758</subfield>
    <subfield code="p">01065853</subfield>
    <subfield code="r">2023-05-04 00:00:00</subfield>
    <subfield code="t">4</subfield>
    <subfield code="w">2023-05-04</subfield>
    <subfield code="y">BOOK</subfield>
  </datafield>
  <datafield tag="952" ind1=" " ind2=" ">
    <subfield code="0">0</subfield>
    <subfield code="1">0</subfield>
    <subfield code="4">0</subfield>
    <subfield code="7">0</subfield>
    <subfield code="8">GENERAL</subfield>
    <subfield code="a">BYARU</subfield>
    <subfield code="b">BYARU</subfield>
    <subfield code="d">2018-11-29</subfield>
    <subfield code="e">Material adquirido por donaci&#xF3;n</subfield>
    <subfield code="g">30000.00</subfield>
    <subfield code="i">C1301167</subfield>
    <subfield code="l">0</subfield>
    <subfield code="o">300.72/C758</subfield>
    <subfield code="p">01065779</subfield>
    <subfield code="r">2023-05-04 00:00:00</subfield>
    <subfield code="t">5</subfield>
    <subfield code="w">2023-05-04</subfield>
    <subfield code="y">BOOK</subfield>
  </datafield>
  <datafield tag="952" ind1=" " ind2=" ">
    <subfield code="0">0</subfield>
    <subfield code="1">0</subfield>
    <subfield code="4">0</subfield>
    <subfield code="7">0</subfield>
    <subfield code="8">GENERAL</subfield>
    <subfield code="a">BOCCI</subfield>
    <subfield code="b">BOCCI</subfield>
    <subfield code="d">2018-11-29</subfield>
    <subfield code="e">Material adquirido por donaci&#xF3;n</subfield>
    <subfield code="g">30000.00</subfield>
    <subfield code="i">C1301162</subfield>
    <subfield code="l">0</subfield>
    <subfield code="o">300.72 C758</subfield>
    <subfield code="p">01065778</subfield>
    <subfield code="r">2023-05-04 00:00:00</subfield>
    <subfield code="t">6</subfield>
    <subfield code="w">2023-05-04</subfield>
    <subfield code="y">BOOK</subfield>
  </datafield>
  <datafield tag="952" ind1=" " ind2=" ">
    <subfield code="0">0</subfield>
    <subfield code="1">0</subfield>
    <subfield code="2">ddc</subfield>
    <subfield code="4">0</subfield>
    <subfield code="7">0</subfield>
    <subfield code="8">GENERAL</subfield>
    <subfield code="a">CARME</subfield>
    <subfield code="b">CARME</subfield>
    <subfield code="d">2018-11-29</subfield>
    <subfield code="e">Material adquirido por donaci&#xF3;n</subfield>
    <subfield code="f">DONA</subfield>
    <subfield code="g">18000.00</subfield>
    <subfield code="i">C1301163</subfield>
    <subfield code="l">0</subfield>
    <subfield code="o">300.72 C758</subfield>
    <subfield code="p">01065769</subfield>
    <subfield code="r">2023-05-04 00:00:00</subfield>
    <subfield code="t">7</subfield>
    <subfield code="w">2023-05-04</subfield>
    <subfield code="y">BOOK</subfield>
  </datafield>
  <datafield tag="952" ind1=" " ind2=" ">
    <subfield code="0">0</subfield>
    <subfield code="1">0</subfield>
    <subfield code="4">0</subfield>
    <subfield code="7">0</subfield>
    <subfield code="8">GENERAL</subfield>
    <subfield code="a">CAUCA</subfield>
    <subfield code="b">CAUCA</subfield>
    <subfield code="d">2018-11-29</subfield>
    <subfield code="e">Material adquirido por donaci&#xF3;n</subfield>
    <subfield code="g">30000.00</subfield>
    <subfield code="i">C1301164</subfield>
    <subfield code="l">0</subfield>
    <subfield code="o">300.72 C758</subfield>
    <subfield code="p">01065799</subfield>
    <subfield code="r">2023-05-04 00:00:00</subfield>
    <subfield code="t">8</subfield>
    <subfield code="w">2023-05-04</subfield>
    <subfield code="y">BOOK</subfield>
  </datafield>
  <datafield tag="952" ind1=" " ind2=" ">
    <subfield code="0">0</subfield>
    <subfield code="1">0</subfield>
    <subfield code="4">0</subfield>
    <subfield code="7">0</subfield>
    <subfield code="8">GENERAL</subfield>
    <subfield code="a">BSONS</subfield>
    <subfield code="b">BSONS</subfield>
    <subfield code="d">2018-11-29</subfield>
    <subfield code="e">Material adquirido por donaci&#xF3;n</subfield>
    <subfield code="g">30000.00</subfield>
    <subfield code="i">C1301166</subfield>
    <subfield code="l">0</subfield>
    <subfield code="o">300.72 C758</subfield>
    <subfield code="p">01065792</subfield>
    <subfield code="r">2023-05-04 00:00:00</subfield>
    <subfield code="t">9</subfield>
    <subfield code="w">2023-05-04</subfield>
    <subfield code="y">BOOK</subfield>
  </datafield>
  <datafield tag="952" ind1=" " ind2=" ">
    <subfield code="0">0</subfield>
    <subfield code="1">0</subfield>
    <subfield code="4">0</subfield>
    <subfield code="7">0</subfield>
    <subfield code="8">GENERAL</subfield>
    <subfield code="a">SCDM</subfield>
    <subfield code="b">SCDM</subfield>
    <subfield code="d">2018-11-29</subfield>
    <subfield code="e">Material adquirido por donaci&#xF3;n</subfield>
    <subfield code="g">30000.00</subfield>
    <subfield code="i">C1301168</subfield>
    <subfield code="l">0</subfield>
    <subfield code="o">300.72 C758</subfield>
    <subfield code="p">01065795</subfield>
    <subfield code="r">2025-10-04 10:41:20</subfield>
    <subfield code="t">10</subfield>
    <subfield code="w">2023-05-04</subfield>
    <subfield code="y">BOOK</subfield>
  </datafield>
  <datafield tag="952" ind1=" " ind2=" ">
    <subfield code="0">0</subfield>
    <subfield code="1">0</subfield>
    <subfield code="4">0</subfield>
    <subfield code="7">0</subfield>
    <subfield code="8">GENERAL</subfield>
    <subfield code="a">ANDES</subfield>
    <subfield code="b">ANDES</subfield>
    <subfield code="d">2018-11-29</subfield>
    <subfield code="e">Material adquirido por donaci&#xF3;n</subfield>
    <subfield code="g">30000.00</subfield>
    <subfield code="i">C1301169</subfield>
    <subfield code="l">0</subfield>
    <subfield code="o">300.72 C758</subfield>
    <subfield code="p">01065756</subfield>
    <subfield code="r">2023-05-04 00:00:00</subfield>
    <subfield code="t">11</subfield>
    <subfield code="w">2023-05-04</subfield>
    <subfield code="y">BOOK</subfield>
  </datafield>
  <datafield tag="952" ind1=" " ind2=" ">
    <subfield code="0">0</subfield>
    <subfield code="1">0</subfield>
    <subfield code="4">0</subfield>
    <subfield code="7">0</subfield>
    <subfield code="8">GENERAL</subfield>
    <subfield code="a">PTOBE</subfield>
    <subfield code="b">PTOBE</subfield>
    <subfield code="d">2018-11-29</subfield>
    <subfield code="e">Material adquirido por donaci&#xF3;n</subfield>
    <subfield code="g">30000.00</subfield>
    <subfield code="i">C1301170</subfield>
    <subfield code="l">0</subfield>
    <subfield code="o">300.72 C758</subfield>
    <subfield code="p">01065762</subfield>
    <subfield code="r">2023-05-04 00:00:00</subfield>
    <subfield code="t">12</subfield>
    <subfield code="w">2023-05-04</subfield>
    <subfield code="y">BOOK</subfield>
  </datafield>
  <datafield tag="952" ind1=" " ind2=" ">
    <subfield code="0">0</subfield>
    <subfield code="1">0</subfield>
    <subfield code="4">0</subfield>
    <subfield code="7">0</subfield>
    <subfield code="8">GENERAL</subfield>
    <subfield code="a">CAREP</subfield>
    <subfield code="b">CAREP</subfield>
    <subfield code="d">2018-11-29</subfield>
    <subfield code="e">Material adquirido por donaci&#xF3;n</subfield>
    <subfield code="g">30000.00</subfield>
    <subfield code="i">C1301172</subfield>
    <subfield code="l">0</subfield>
    <subfield code="o">300.72 C758</subfield>
    <subfield code="p">01065760</subfield>
    <subfield code="r">2023-12-06 00:00:00</subfield>
    <subfield code="t">13</subfield>
    <subfield code="w">2023-05-04</subfield>
    <subfield code="y">BOOK</subfield>
  </datafield>
  <datafield tag="952" ind1=" " ind2=" ">
    <subfield code="0">0</subfield>
    <subfield code="1">0</subfield>
    <subfield code="4">0</subfield>
    <subfield code="7">0</subfield>
    <subfield code="8">GENERAL</subfield>
    <subfield code="a">BAPAR</subfield>
    <subfield code="b">BAPAR</subfield>
    <subfield code="d">2018-11-29</subfield>
    <subfield code="e">Material adquirido por donaci&#xF3;n</subfield>
    <subfield code="g">30000.00</subfield>
    <subfield code="i">C1301199</subfield>
    <subfield code="l">1</subfield>
    <subfield code="o">300.72 C758 e2</subfield>
    <subfield code="p">01065761</subfield>
    <subfield code="q">2026-05-21</subfield>
    <subfield code="r">2026-04-17 15:50:07</subfield>
    <subfield code="s">2026-04-17</subfield>
    <subfield code="t">14</subfield>
    <subfield code="w">2023-05-04</subfield>
    <subfield code="y">BOOK</subfield>
  </datafield>
  <datafield tag="952" ind1=" " ind2=" ">
    <subfield code="0">0</subfield>
    <subfield code="1">0</subfield>
    <subfield code="4">0</subfield>
    <subfield code="7">0</subfield>
    <subfield code="8">GEN</subfield>
    <subfield code="a">BC</subfield>
    <subfield code="b">BC</subfield>
    <subfield code="d">2018-12-07</subfield>
    <subfield code="e">Material adquirido por donaci&#xF3;n</subfield>
    <subfield code="g">46000.00</subfield>
    <subfield code="i">C1301831</subfield>
    <subfield code="l">3</subfield>
    <subfield code="o">300.72 C758</subfield>
    <subfield code="p">01059911</subfield>
    <subfield code="r">2026-02-24 09:29:42</subfield>
    <subfield code="s">2026-02-04</subfield>
    <subfield code="t">15</subfield>
    <subfield code="w">2023-05-04</subfield>
    <subfield code="y">BOOK</subfield>
  </datafield>
</record>
